000 00311nam a2200121Ia 4500
008 191201s2005 xx 000 0 und d
100 _aPRANJPE, Nivedita
245 0 _aKalakruti: Print Designs From India
260 _aN.Delhi
_bEnglish Education
_c2005
300 _a73
650 _aB.Tech(TE)
942 _2ddc
_cBK
999 _c2342
_d2342